Postavenie a význam kontroly v procese vytvárania a fungovania ekonomického prostredia podniku kandidátska dizertačná práca

Enregistré dans:
Détails bibliographiques
Auteur principal: Mikloš, Ján
Collectivité auteur: Vysoká škola ekonomická v Bratislave. Fakulta riadenia
Autres auteurs: Nagy, Július
Format: Livre
Langue:slovaque
Publié: Bratislava 1989
Tags: Ajouter un tag
Pas de tags, Soyez le premier à ajouter un tag!

MARC

LEADER 00000nam a2200000 4500
001 c033782
005 20221215071149.7
041 0 |a slo 
044 |a SK 
245 1 0 |a Postavenie a význam kontroly v procese vytvárania a fungovania ekonomického prostredia podniku  |b kandidátska dizertačná práca  |c Ján Mikloš ; Ved. práce Július Nagy 
264 1 |a Bratislava  |c 1989 
300 |a 161 s. 
100 1 |a Mikloš, Ján 
700 1 |a Nagy, Július 
710 2 |a Vysoká škola ekonomická v Bratislave. Fakulta riadenia